00536nam a22001697a 4500003001100000005001700011008004100028020001500069040003900084041000800123082001500131245006900146260003800215300004800253650003800301700002700339LK-CoMWRAF20231030145831.0231006b2003 |||||||| |||| 00| 0 eng d a1559633328 aLK-CoMWRAFdLK-CoMWRAFeLK-CoMWRAF aeng a363.7bPRE aPrecaution, environmental science, and preventive public policy  aWashington: bIsland Press,c2003 axix, 406 p. : ill. ; 24 cm.bIndex included aENVIRONMENTAL POLICY-Case studies a Tickner, Joel A.eed.